Logo quiz 6 - Statistics

Estatísticas Gerais
  • Esse quiz foi jogado 177 vezes
  • A pontuação média é 9 de 15
Estatísticas das Respostas
Imagem Resposta % Correto
Bmw
98%
Citroen
87%
Nissan
79%
Lamborghini
74%
Tesla
74%
Suzuki
73%
Volvo
69%
Bentley
66%
Mini
66%
Subaru
63%
Maserati
55%
Opel
49%
Mustang
37%
Lincoln
20%
Scion
11%
Nenhum quiz correspondente encontrado
Distribuição das Pontuações
Porcentagem de Pessoas com Cada Pontuação
Percentil de Números Respondidos
Sua Pontuação Histórica
Você não jogou esse quiz